|
|
|
|
| LEADER |
01184nam a2200265 4500 |
| 001 |
10113768 |
| 003 |
upatras |
| 005 |
20210117205125.0 |
| 008 |
140829s1988 us eng |
| 020 |
|
|
|a 0691084335
|q (χαρτόδετο)
|
| 020 |
|
|
|a 0691084327
|q (χαρτόδετο)
|
| 040 |
|
|
|a GR-PaULI
|e AACR2
|c GR-PaULI
|b gre
|
| 082 |
0 |
4 |
|a 512.7
|2 23
|
| 100 |
1 |
|
|a Katz, Nicholas M.
|d 1943-
|4
|9 133746
|e συγγραφέας.
|
| 245 |
1 |
0 |
|a Gauss sums, Kloosterman sums, and monodromy groups /
|c by Nicholas M. Katz.
|
| 260 |
|
|
|a Princeton :
|b Princeton University Press,
|c 1988.
|
| 300 |
|
|
|a viii, 246 σ. :
|b εικ. ;
|c 23 εκ.
|
| 490 |
1 |
|
|a Annals of mathematics studies ;
|v 116.
|
| 504 |
|
|
|a Περιλαμβάνει βιβλιογραφικές παραπομπές.
|
| 650 |
|
4 |
|a Οριακά θεωρήματα (Θεωρία πιθανοτήτων)
|9 140237
|
| 830 |
|
|
|9 162763
|a Annals of mathematics studies
|v 116.
|
| 942 |
|
|
|2 ddc
|c BKN
|
| 952 |
|
|
|0 0
|1 0
|2 ddc
|4 0
|6 Π_Σ_512_700000000000000_KAT
|7 0
|9 169449
|a LISP
|b LISP
|c REF
|d 2016-04-24
|i 122350
|l 0
|o Π/Σ 512.7 KAT
|p 025000239290
|r 2016-04-24 00:00:00
|t 1
|y BKN
|
| 998 |
|
|
|c ΜΠΟΥΡΑΣ
|d 2014-08
|
| 999 |
|
|
|c 105999
|d 105999
|